| 000 | 00456nam a2200157 4500 | ||
|---|---|---|---|
| 001 | 22275 | ||
| 005 | 20230410143321.0 | ||
| 008 | 060907n2002 dr spa | ||
| 035 | _9funglode22438 | ||
| 041 | _aEN | ||
| 050 | 1 | 4 | _aYSL |
| 245 | 0 |
_aDirectory 2001-2002 : _bamerican chamber of commerce of the Dominican Republic |
|
| 260 |
_aSanto Domingo : _bVerizon Seervicios de Información Dominicana, _c2002 |
||
| 300 | _a65 p. | ||
| 942 |
_2lcc _cbk |
||
| 999 |
_c99421 _d99421 |
||